[Event "CAN-ch U20 2004"]
[Site "Calgary CAN"]
[Date "2004.01.04"]
[Round "5.9"]
[White "Hutchison, Jason"]
[Black "Baser, Arthur"]
[Result "1-0"]
[WhiteElo "1368"]
[BlackElo "1325"]
[PlyCount "103"]
[GameId "2160767911209066"]
[EventDate "2004.01.02"]
[EventType "swiss"]
[EventRounds "9"]
[EventCountry "CAN"]

1. e4 c5 2. Nf3 e6 3. d4 cxd4 4. Nxd4 a6 5. Nc3 Nf6 6. Bg5 Be7 7. f4 d6 8. e5 dxe5 9. fxe5 Nd5 10. Bxe7 Nxe7 11. Nf3 O-O 12. Qd3 b5 13. O-O-O Qa5 14. Ng5 Ng6 15. h4 Re8 16. h5 Nf8 17. Be2 h6 18. Qf3 Ra7 19. Nge4 Rc7 20. Qg3 Kh8 21. Rhf1 Nc6 22. Nd6 Ree7 23. Rf2 b4 24. Nce4 Qxe5 25. Qxe5 Nxe5 26. g4 Bb7 27. Nxb7 Rxb7 28. Bxa6 Nxg4 29. Bxb7 Nxf2 30. Rd8 Kg8 31. Rb8 Nh3 32. Ba6 f5 33. Rxb4 fxe4 34. Rxe4 Rd7 35. b4 Ng5 36. Re3 Ra7 37. Bc4 Rb7 38. Rb3 Nd7 39. a4 Kf8 40. Ba6 Rb6 41. Bb5 Ke7 42. c4 Nf7 43. Rd3 Nd6 44. c5 Nxb5 45. cxb6 Nd6 46. a5 Nc4 47. b7 Nb8 48. Kc2 Nd6 49. Rc3 Kd7 50. Rg3 Nf5 51. Rd3+ Nd6 52. Kb3 1-0

[Event "CAN-ch U20 2004"]
[Site "Calgary CAN"]
[Date "2004.01.05"]
[Round "6"]
[White "Kaminski, Victor"]
[Black "Boik, Andrew"]
[Result "1-0"]
[WhiteElo "1966"]
[BlackElo "1980"]
[PlyCount "133"]
[GameId "2160767911209067"]
[EventDate "2004.01.02"]
[EventType "swiss"]
[EventRounds "9"]
[EventCountry "CAN"]
[SourceTitle "EXT 2005"]
[Source "ChessBase"]
[SourceDate "2004.11.15"]
[SourceVersion "1"]
[SourceVersionDate "2004.11.15"]
[SourceQuality "1"]

1. d4 Nf6 2. Nf3 e6 3. Bf4 c5 4. e3 b6 5. c3 Bb7 6. Bd3 d5 7. Nbd2 Be7 8. h3 Nbd7 9. O-O Ne4 10. Qc2 Ndf6 11. Bb5+ Kf8 12. Ne5 Nxd2 13. Qxd2 Rc8 14. Bg5 Ne4 15. Bxe7+ Qxe7 16. Qe2 f6 17. Nf3 Kf7 18. Bd3 Nd6 19. Rad1 Rhd8 20. Nd2 Kg8 21. f4 e5 22. Rfe1 Re8 23. Qf2 e4 24. Bb1 cxd4 25. cxd4 Rc6 26. Rc1 Rec8 27. Nb3 Nc4 28. Rc3 a5 29. Rec1 Qb4 30. a3 Qb5 31. Ba2 Kh8 32. g3 a4 33. Na1 Qxb2 34. Bxc4 Qxf2+ 35. Kxf2 Ba6 36. Ke2 Bxc4+ 37. Kd2 Kg8 38. Nc2 Rd6 39. Nb4 Rcd8 40. Rb1 Kf7 41. Rbc1 h5 42. Rg1 g5 43. f5 Kg7 44. Rcc1 Rc8 45. Rc3 Rd7 46. Rgc1 Rcd8 47. Rg1 Kf7 48. Re1 Rd6 49. Rg1 Ke7 50. Re1 Kd7 51. Rg1 Rc8 52. Rgc1 b5 53. Rg1 Rb6 54. Rgc1 Kc7 55. Nxd5+ Kb7 56. Nxb6 Kxb6 57. Rb1 Ka5 58. Rb4 Rc7 59. Rcxc4 bxc4 60. Kc3 g4 61. hxg4 hxg4 62. d5 Rh7 63. Kxc4 Rh3 64. d6 Rh1 65. d7 Rd1 66. Rb5+ Ka6 67. Rd5 1-0

[Event "CAN-ch U20 2004"]
[Site "Calgary CAN"]
[Date "2004.01.04"]
[Round "6.2"]
[White "Meng, Fanhao"]
[Black "Davies, Noam"]
[Result "1-0"]
[WhiteElo "2273"]
[BlackElo "1948"]
[PlyCount "71"]
[GameId "2160767911209069"]
[EventDate "2004.01.02"]
[EventType "swiss"]
[EventRounds "9"]
[EventCountry "CAN"]

1. e4 c5 2. c3 e6 3. e5 d5 4. exd6 Bxd6 5. d4 cxd4 6. cxd4 Nf6 7. Nf3 O-O 8. Bd3 b6 9. O-O Bb7 10. Nc3 Nc6 11. a3 Rc8 12. Bg5 Be7 13. Rc1 Nd5 14. Be3 Qd7 15. Qe2 Rfd8 16. Rfd1 Bd6 17. Nxd5 exd5 18. Ng5 h6 19. Qh5 Qe7 20. Re1 Nxd4 21. Rcd1 Ne6 22. Nxe6 fxe6 23. Qg6 Rc7 24. Bxh6 Qf7 25. Qh7+ Kf8 26. Bg5 Rdd7 27. Bg6 Qg8 28. Qxg8+ Kxg8 29. Rxe6 Rc8 30. Be8 Rdc7 31. Ba4 Bf8 32. Bb3 Rd7 33. Re5 Rc5 34. Be3 Rb5 35. Ba4 d4 36. Bxb5 1-0

[Event "CAN-ch U20 2004"]
[Site "Calgary CAN"]
[Date "2004.01.04"]
[Round "6.3"]
[White "Vincent, Trevor"]
[Black "Davies, Lucas"]
[Result "1/2-1/2"]
[WhiteElo "2010"]
[BlackElo "2133"]
[PlyCount "79"]
[GameId "2160767911209070"]
[EventDate "2004.01.02"]
[EventType "swiss"]
[EventRounds "9"]
[EventCountry "CAN"]

1. c4 e5 2. g3 Nc6 3. Bg2 g6 4. Nc3 Bg7 5. e4 d6 6. Nge2 Be6 7. d3 Qd7 8. Nd5 Nce7 9. d4 c6 10. Ne3 Nf6 11. O-O Nh5 12. d5 cxd5 13. cxd5 Bh3 14. Nf5 Bxf5 15. exf5 Qxf5 16. Nc3 Qd7 17. Bf3 Nf6 18. a4 O-O 19. a5 Rfc8 20. Re1 Ne8 21. Bg2 f5 22. Be3 Nc7 23. Bf1 Rf8 24. f4 e4 25. Qd2 Na6 26. Rec1 Rfc8 27. Nb5 Nc5 28. Bc4 Nb3 29. Bxb3 Qxb5 30. Ra3 Rxc1+ 31. Qxc1 Rc8 32. Qd2 a6 33. Kf2 Kf7 34. h3 h5 35. Kg2 Bf6 36. Bb6 Kg7 37. Be3 Rh8 38. Ba2 Rc8 39. Bb3 Kh7 40. Bb6 1/2-1/2

[Event "CAN-ch U20 2004"]
[Site "Calgary CAN"]
[Date "2004.01.04"]
[Round "6.5"]
[White "Kaminski, Thomas"]
[Black "Kazmaier, Daniel"]
[Result "0-1"]
[WhiteElo "1874"]
[BlackElo "1966"]
[PlyCount "120"]
[GameId "2160767911209071"]
[EventDate "2004.01.02"]
[EventType "swiss"]
[EventRounds "9"]
[EventCountry "CAN"]

1. e4 e6 2. d4 d5 3. e5 c5 4. c3 Bd7 5. Nf3 Qb6 6. a3 a5 7. Qc2 Nc6 8. Be3 a4 9. Nbd2 Na5 10. Rc1 Nb3 11. Nxb3 axb3 12. Qb1 Bb5 13. Bd3 Bxd3 14. Qxd3 c4 15. Qd2 Ne7 16. Nh4 Ng6 17. Nxg6 hxg6 18. Ra1 Kd7 19. Ke2 Ra6 20. Bg5 Qa7 21. Qc1 b5 22. h3 Kc6 23. Kf3 f6 24. Bf4 g5 25. Bg3 Be7 26. exf6 gxf6 27. Qe3 Kd7 28. Rhb1 b4 29. cxb4 Bxb4 30. Ke2 Rc8 31. Rd1 Bxa3 32. bxa3 b2 33. Ra2 c3 34. Re1 Rxa3 35. Rxa3 Qxa3 36. Qd3 Qb4 37. Qc2 Qxd4 38. Kf1 Qc4+ 39. Kg1 f5 40. Be5 d4 41. Rd1 Ra8 42. Bxd4 Ra1 43. Bxc3+ Kc6 44. Qxb2 Rxd1+ 45. Kh2 Qf4+ 46. g3 Qe4 47. f3 Qxf3 48. Be1 Rxe1 49. Qc2+ Kb5 50. Qb2+ Kc4 51. Qc2+ Qc3 52. Qa4+ Kd3 53. Qd7+ Qd4 54. Qb5+ Ke3 55. Qb3+ Kf2 56. Qc2+ Kf3 57. Qb3+ Qe3 58. Qb7+ Qe4 59. Qb3+ Re3 60. Qd1+ Re2+ 0-1

[Event "CAN-ch U20 2004"]
[Site "Calgary CAN"]
[Date "2004.01.04"]
[Round "6.6"]
[White "Dinca, Cornelia"]
[Black "Daswani, Benedict"]
[Result "0-1"]
[WhiteElo "1789"]
[BlackElo "1687"]
[PlyCount "50"]
[GameId "2160767911209072"]
[EventDate "2004.01.02"]
[EventType "swiss"]
[EventRounds "9"]
[EventCountry "CAN"]

1. e4 c5 2. Nc3 e6 3. g3 g6 4. Bg2 Bg7 5. d3 Ne7 6. Be3 b6 7. Nge2 Bb7 8. Qd2 h6 9. O-O d5 10. exd5 Nxd5 11. Nxd5 Bxd5 12. c3 Bxg2 13. Kxg2 Nc6 14. f4 Qd5+ 15. Kg1 O-O-O 16. Rfd1 Rd7 17. a3 Rhd8 18. Nc1 e5 19. Rb1 e4 20. b4 cxb4 21. cxb4 exd3 22. Kf2 Nd4 23. Qxd3 Qf3+ 24. Kg1 Ne2+ 25. Qxe2 Rxd1+ 0-1

[Event "CAN-ch U20 2004"]
[Site "Calgary CAN"]
[Date "2004.01.04"]
[Round "6.7"]
[White "Lipnowski, Samuel"]
[Black "Palmer, Jordan"]
[Result "1/2-1/2"]
[WhiteElo "2154"]
[BlackElo "1906"]
[PlyCount "52"]
[GameId "2160767911209073"]
[EventDate "2004.01.02"]
[EventType "swiss"]
[EventRounds "9"]
[EventCountry "CAN"]

1. e4 e5 2. Nf3 Nf6 3. Nc3 d6 4. d4 exd4 5. Qxd4 Nc6 6. Bb5 Bd7 7. Bxc6 Bxc6 8. Bg5 Be7 9. O-O-O O-O 10. Kb1 Nxe4 11. Nxe4 Bxe4 12. Bxe7 Qxe7 13. Rhe1 f5 14. Nd2 Qf6 15. Qb4 Bc6 16. f3 a5 17. Qc4+ Qf7 18. Qh4 Rae8 19. Nb3 Bd5 20. Nc1 b5 21. Qd4 Be6 22. h4 a4 23. a3 Bc4 24. Qa7 Re7 25. Rh1 Qg6 26. Qf2 Rfe8 1/2-1/2

[Event "CAN-ch U20 2004"]
[Site "Calgary CAN"]
[Date "2004.01.04"]
[Round "6.8"]
[White "Baser, Arthur"]
[Black "Juma, Sadiq"]
[Result "1/2-1/2"]
[WhiteElo "1325"]
[BlackElo "1646"]
[PlyCount "51"]
[GameId "2160767911209074"]
[EventDate "2004.01.02"]
[EventType "swiss"]
[EventRounds "9"]
[EventCountry "CAN"]

1. e4 c5 2. Nf3 d6 3. d4 cxd4 4. Nxd4 Nf6 5. Nc3 a6 6. Bc4 e6 7. Bb3 b5 8. O-O Bb7 9. Be3 Nbd7 10. f3 Be7 11. Bxe6 fxe6 12. Nxe6 Qa5 13. Nxg7+ Kf7 14. Nf5 Qc7 15. Re1 Rae8 16. Bf4 Ne5 17. Bh6 Rhg8 18. Bf4 Rg6 19. Nd5 Bxd5 20. exd5 Qc5+ 21. Kh1 Qxd5 22. Qxd5+ Nxd5 23. Bxe5 dxe5 24. Rxe5 Nb4 25. Rae1 Nc6 26. R5e4 1/2-1/2

[Event "CAN-ch U20 2004"]
[Site "Calgary CAN"]
[Date "2004.01.04"]
[Round "6.8"]
[White "Hutchison, Jason"]
[Black "Wong, Wylon"]
[Result "0-1"]
[WhiteElo "1368"]
[BlackElo "1922"]
[PlyCount "90"]
[GameId "2160767911209075"]
[EventDate "2004.01.02"]
[EventType "swiss"]
[EventRounds "9"]
[EventCountry "CAN"]

1. e4 d6 2. Nf3 Nf6 3. Nc3 g6 4. d3 Bg7 5. Be2 O-O 6. Bg5 Nc6 7. Qd2 e5 8. O-O-O Qe8 9. Bh6 Ng4 10. Be3 f5 11. exf5 Bxf5 12. h3 Nxe3 13. fxe3 e4 14. dxe4 Bxe4 15. Nxe4 Qxe4 16. Bd3 Qe6 17. Qe2 d5 18. e4 Qf6 19. c3 Rae8 20. Qc2 dxe4 21. Bxe4 Qf4+ 22. Nd2 Bh6 23. Bxc6 bxc6 24. Kb1 Re2 25. Rhf1 Qe3 26. Qb3+ Kh8 27. Rxf8+ Bxf8 28. Nc4 Qe4+ 29. Ka1 Re1 30. Nd2 Rxd1+ 31. Qxd1 Qxg2 32. Qf1 Qxf1+ 33. Nxf1 Bd6 34. Kb1 Kg7 35. Kc2 h5 36. b3 Bf4 37. Nd2 Bxd2 38. Kxd2 Kf6 39. Ke3 Kf5 40. a4 g5 41. b4 g4 42. hxg4+ hxg4 43. c4 g3 44. Kf3 Ke5 45. Kxg3 Kd4 0-1

[Event "CAN-ch U20 2004"]
[Site "Calgary CAN"]
[Date "2004.01.05"]
[Round "7"]
[White "Kaminski, Victor"]
[Black "Vincent, Trevor"]
[Result "1/2-1/2"]
[WhiteElo "1976"]
[BlackElo "2010"]
[PlyCount "42"]
[GameId "2160767911209076"]
[EventDate "2004.01.02"]
[EventType "swiss"]
[EventRounds "9"]
[EventCountry "CAN"]
[SourceTitle "EXT 2005"]
[Source "ChessBase"]
[SourceDate "2004.11.15"]
[SourceVersion "1"]
[SourceVersionDate "2004.11.15"]
[SourceQuality "1"]

1. d4 Nf6 2. Nf3 c5 3. c3 d5 4. Bf4 e6 5. e3 b6 6. Bd3 Be7 7. h3 Bb7 8. Nbd2 Nbd7 9. O-O O-O 10. Qe2 Ne4 11. Ne5 Nxe5 12. Bxe5 f6 13. Bh2 Nxd2 14. Qxd2 Bd6 15. Bxd6 Qxd6 16. b4 e5 17. bxc5 bxc5 18. Rab1 Bc6 19. Bb5 Rab8 20. Bxc6 Qxc6 21. Rfd1 exd4 1/2-1/2

[Event "CAN-ch U20 2004"]
[Site "Calgary CAN"]
[Date "2004.01.05"]
[Round "7.1"]
[White "Davies, Lucas"]
[Black "Quan Zhe"]
[Result "0-1"]
[WhiteElo "2133"]
[BlackElo "2449"]
[PlyCount "92"]
[GameId "2160767911209077"]
[EventDate "2004.01.02"]
[EventType "swiss"]
[EventRounds "9"]
[EventCountry "CAN"]

1. e4 c6 2. d4 d5 3. e5 Bf5 4. Nc3 e6 5. g4 Bg6 6. Nge2 c5 7. h4 cxd4 8. Nxd4 h5 9. g5 Nc6 10. f4 Nge7 11. Ncb5 Nf5 12. Nxf5 Bxf5 13. Nd4 Nxd4 14. Qxd4 Be7 15. Bd3 Bxd3 16. cxd3 O-O 17. Bd2 Qd7 18. Rc1 Rfc8 19. Ke2 Qb5 20. a4 Qb3 21. Rc3 Rxc3 22. Qxc3 Qxa4 23. Qc7 Qe8 24. Rc1 b5 25. Qb7 Bf8 26. Rc7 a5 27. Bxa5 Rxa5 28. Rc8 Ra7 29. Qb8 Qe7 30. Rxf8+ Qxf8 31. Qxa7 Qb4 32. g6 Qxb2+ 33. Kf3 fxg6 34. Qe7 Qd4 35. Qxe6+ Kh7 36. Ke2 b4 37. f5 Qg4+ 38. Kd2 Qxf5 39. Qxd5 Qf2+ 40. Kc1 Qe1+ 41. Kc2 Qc3+ 42. Kb1 b3 43. Qc4 Qxc4 44. dxc4 Kg8 45. c5 Kf7 46. c6 Ke6 0-1

[Event "CAN-ch U20 2004"]
[Site "Calgary CAN"]
[Date "2004.01.05"]
[Round "7.2"]
[White "Kazmaier, Daniel"]
[Black "Meng, Fanhao"]
[Result "0-1"]
[WhiteElo "1966"]
[BlackElo "2273"]
[PlyCount "78"]
[GameId "2160767911209078"]
[EventDate "2004.01.02"]
[EventType "swiss"]
[EventRounds "9"]
[EventCountry "CAN"]

1. e4 e5 2. Nf3 Nc6 3. Bb5 a6 4. Ba4 Nf6 5. O-O b5 6. Bb3 Be7 7. Re1 d6 8. h3 Na5 9. a4 Nxb3 10. cxb3 Rb8 11. d4 exd4 12. Nxd4 Bd7 13. Nc3 c5 14. Nf5 Bxf5 15. exf5 O-O 16. Nd5 Nxd5 17. Qxd5 Bf6 18. axb5 axb5 19. Bf4 Bxb2 20. Ra7 Qf6 21. Qxd6 Qxf5 22. Qxb8 Rxb8 23. Bxb8 g5 24. Re8+ Kg7 25. Bd6 Bd4 26. Bf8+ Kg6 27. Ra6+ f6 28. Re2 Qb1+ 29. Kh2 Qxb3 30. Re7 Bxf2 31. Rg7+ Kf5 32. g4+ Ke4 33. Re7+ Kd5 34. Rd6+ Kc4 35. Re4+ Bd4 36. Rexd4+ cxd4 37. Rc6+ Kd3 38. Rxf6 Qb2+ 39. Kg3 b4 0-1

[Event "CAN-ch U20 2004"]
[Site "Calgary CAN"]
[Date "2004.01.05"]
[Round "7.5"]
[White "Boik, Andrew"]
[Black "Wong, Wylon"]
[Result "1-0"]
[WhiteElo "1980"]
[BlackElo "1922"]
[PlyCount "59"]
[GameId "2160767911209080"]
[EventDate "2004.01.02"]
[EventType "swiss"]
[EventRounds "9"]
[EventCountry "CAN"]

1. e4 d6 2. d4 Nf6 3. Nc3 c6 4. Be3 g6 5. Qd2 Bg7 6. f3 O-O 7. g4 e5 8. Nge2 Nbd7 9. O-O-O d5 10. exd5 Nxd5 11. Nxd5 cxd5 12. h4 Nb6 13. Ng3 e4 14. h5 exf3 15. Bh6 Bf6 16. Kb1 Re8 17. Qf4 g5 18. Qxf3 Nc4 19. Nf5 Bxf5 20. Bxc4 Bxc2+ 21. Kxc2 dxc4 22. Rhf1 Re6 23. Bxg5 Re2+ 24. Qxe2 Bxg5 25. Kb1 Qc7 26. Rf5 h6 27. Rc5 Qf4 28. Rxc4 Rd8 29. d5 Qd6 30. Re4 1-0

[Event "CAN-ch U20 2004"]
[Site "Calgary CAN"]
[Date "2004.01.05"]
[Round "7.6"]
[White "Kazakevich, Anastasia"]
[Black "Daswani, Benedict"]
[Result "1-0"]
[WhiteElo "1858"]
[BlackElo "1687"]
[PlyCount "73"]
[GameId "2160767911209081"]
[EventDate "2004.01.02"]
[EventType "swiss"]
[EventRounds "9"]
[EventCountry "CAN"]

1. d4 Nf6 2. c4 g6 3. Nc3 Bg7 4. e4 d6 5. Bd3 O-O 6. Nge2 Nc6 7. f3 e5 8. d5 Nd4 9. Be3 Nh5 10. O-O f5 11. Bf2 Qg5 12. Kh1 f4 13. Nxd4 exd4 14. Ne2 c5 15. dxc6 bxc6 16. b4 d5 17. cxd5 cxd5 18. exd5 Bf5 19. Rc1 Rae8 20. Bxf5 Rxf5 21. Ng1 Rxd5 22. Nh3 Qf5 23. Re1 Red8 24. Re4 d3 25. Qd2 g5 26. Bxa7 Bh6 27. Nf2 Ng3+ 28. hxg3 fxg3 29. Ng4 Bf8 30. Ne3 Qf7 31. Nxd5 Qh5+ 32. Kg1 Qh2+ 33. Kf1 Rxd5 34. Rg4 Bc5 35. Rxg5+ Kh8 36. Qb2+ Rd4 37. Qxd4+ 1-0

[Event "CAN-ch U20 2004"]
[Site "Calgary CAN"]
[Date "2004.01.05"]
[Round "7.7"]
[White "Lipnowski, Samuel"]
[Black "Dinca, Cornelia"]
[Result "1-0"]
[WhiteElo "2154"]
[BlackElo "1789"]
[PlyCount "95"]
[GameId "2160767911209082"]
[EventDate "2004.01.02"]
[EventType "swiss"]
[EventRounds "9"]
[EventCountry "CAN"]

1. e4 c5 2. Nf3 d6 3. d4 cxd4 4. Nxd4 Nf6 5. Nc3 Nc6 6. Bg5 e6 7. Qd2 Be7 8. O-O-O a6 9. f4 Bd7 10. Kb1 b5 11. Bxb5 axb5 12. Ndxb5 O-O 13. Nxd6 h6 14. Bxf6 Bxf6 15. e5 Nxe5 16. fxe5 Bxe5 17. Nc4 Bxc3 18. Qxc3 Qc7 19. Qd4 Bc6 20. Qc5 Rfc8 21. Ne3 Ra5 22. Qd4 Bd5 23. a3 Rd8 24. Qh4 Rc8 25. Rd2 Ba8 26. Rhd1 Rg5 27. g3 Bf3 28. Rf1 Qb7 29. Qd4 Bd5 30. Qb4 Qa6 31. Qe7 f6 32. Rfd1 Re5 33. Nxd5 Rxd5 34. Rxd5 exd5 35. Qd7 Kh7 36. Qxd5 Rb8 37. Qd3+ Qxd3 38. Rxd3 Re8 39. b4 Re2 40. h4 f5 41. b5 g5 42. hxg5 hxg5 43. b6 Re7 44. a4 Kg6 45. a5 f4 46. gxf4 gxf4 47. Kc1 Kg5 48. a6 1-0

[Event "CAN-ch U20 2004"]
[Site "Calgary CAN"]
[Date "2004.01.05"]
[Round "7.8"]
[White "Baser, Arthur"]
[Black "Kaminski, Thomas"]
[Result "0-1"]
[WhiteElo "1325"]
[BlackElo "1784"]
[PlyCount "62"]
[GameId "2160767911209083"]
[EventDate "2004.01.02"]
[EventType "swiss"]
[EventRounds "9"]
[EventCountry "CAN"]

1. e4 e5 2. Nf3 Nc6 3. Bc4 Bc5 4. O-O d6 5. h3 Nf6 6. Re1 O-O 7. c3 Bb6 8. Bb3 h6 9. d4 a6 10. Bc2 Bd7 11. Be3 Ba7 12. Nbd2 Re8 13. Nf1 Qc8 14. N1h2 Kf8 15. Qc1 Ng8 16. Nh4 Nce7 17. Nf1 Qd8 18. Ng3 Nc6 19. Ngf5 Bxf5 20. Nxf5 Qf6 21. Qd2 Red8 22. Rad1 b6 23. f4 Qg6 24. Bb3 Nf6 25. Bd5 Nxd5 26. exd5 Qxf5 27. dxc6 e4 28. Qc2 Qd5 29. Bf2 f5 30. Qa4 b5 31. Qxa6 Bb6 0-1

[Event "CAN-ch U20 2004"]
[Site "Calgary CAN"]
[Date "2004.01.05"]
[Round "7.8"]
[White "Juma, Sadiq"]
[Black "Hutchison, Jason"]
[Result "1/2-1/2"]
[WhiteElo "1646"]
[BlackElo "1368"]
[PlyCount "60"]
[GameId "2160767911209084"]
[EventDate "2004.01.02"]
[EventType "swiss"]
[EventRounds "9"]
[EventCountry "CAN"]

1. e4 e6 2. d4 d5 3. Nc3 Bb4 4. e5 c5 5. a3 Bxc3+ 6. bxc3 Nc6 7. Nf3 b6 8. Bd3 f6 9. Bf4 fxe5 10. Nxe5 Nxe5 11. Bxe5 Nf6 12. O-O O-O 13. Bg3 c4 14. Be2 Ne4 15. Qe1 Nxg3 16. hxg3 Bd7 17. Bg4 Qf6 18. Qd2 Qg6 19. Bf3 Ba4 20. Rac1 Rad8 21. Rfe1 Rfe8 22. Re5 Rf8 23. Bh5 Qf6 24. Rce1 Rd6 25. R1e2 Be8 26. Bg4 Bd7 27. Qe1 Re8 28. Qb1 Qe7 29. Bh5 Rf8 30. Qb4 a5 1/2-1/2

[Event "CAN-ch U20 2004"]
[Site "Calgary CAN"]
[Date "2004.01.05"]
[Round "8.1"]
[White "Vincent, Trevor"]
[Black "Quan Zhe"]
[Result "0-1"]
[WhiteElo "2010"]
[BlackElo "2449"]
[PlyCount "114"]
[GameId "2160767911209086"]
[EventDate "2004.01.02"]
[EventType "swiss"]
[EventRounds "9"]
[EventCountry "CAN"]

1. c4 g6 2. g3 Bg7 3. Bg2 d6 4. Nc3 e5 5. e4 Ne7 6. Nge2 O-O 7. O-O Nbc6 8. d3 f5 9. Nd5 Be6 10. Be3 Qd7 11. Qd2 Kh8 12. Rae1 Rae8 13. f3 a6 14. b3 Ng8 15. exf5 Bxf5 16. d4 exd4 17. Bxd4 Nxd4 18. Nxd4 c6 19. Nxf5 Rxf5 20. Ne3 Rff8 21. f4 Nf6 22. Qd3 Re7 23. Nc2 Rfe8 24. Rxe7 Rxe7 25. Rd1 Qd8 26. Bf3 Rd7 27. Ne3 Qa5 28. Rd2 Qc5 29. Kg2 Kg8 30. Ng4 Kf7 31. Nxf6 Bxf6 32. Bg4 Rd8 33. Bf3 a5 34. a4 Qb4 35. h4 Qc3 36. h5 Qxd3 37. Rxd3 Bb2 38. hxg6+ hxg6 39. Rd2 Ba3 40. Be4 Kf6 41. Kf3 Rh8 42. Kg4 Bb4 43. Rc2 Rh5 44. Kf3 Rh1 45. Ke2 Rb1 46. Ra2 Rxb3 47. Bd3 Bc5 48. Ra1 Rb2+ 49. Kf3 Rd2 50. Be2 g5 51. fxg5+ Kxg5 52. Rb1 b6 53. Ra1 Rb2 54. Bd1 Rf2+ 55. Ke4 Rd2 56. Rb1 Rd4+ 57. Kf3 Rxc4 0-1

[Event "CAN-ch U20 2004"]
[Site "Calgary CAN"]
[Date "2004.01.05"]
[Round "8.2"]
[White "Meng, Fanhao"]
[Black "Boik, Andrew"]
[Result "1-0"]
[WhiteElo "2273"]
[BlackElo "1980"]
[PlyCount "77"]
[GameId "2160767911209087"]
[EventDate "2004.01.02"]
[EventType "swiss"]
[EventRounds "9"]
[EventCountry "CAN"]

1. e4 c5 2. c3 d5 3. exd5 Qxd5 4. d4 Nf6 5. dxc5 Qxc5 6. Na3 a6 7. Be3 Qc7 8. Nf3 e5 9. Be2 Nbd7 10. Nc2 Bc5 11. O-O O-O 12. Bxc5 Nxc5 13. Ne3 Rd8 14. Qc2 Nd5 15. Nxd5 Rxd5 16. Bc4 Rd7 17. Nxe5 Re7 18. f4 Be6 19. Bxe6 Nxe6 20. g3 g5 21. Ng4 gxf4 22. Nf6+ Kg7 23. Nh5+ Kh8 24. Nxf4 Nxf4 25. Rxf4 Rae8 26. Qf2 Re2 27. Qd4+ R8e5 28. Raf1 Qc6 29. R4f2 R2e4 30. Qd8+ Re8 31. Qf6+ Qxf6 32. Rxf6 Re2 33. R1f2 Rxf2 34. Kxf2 Kg7 35. Rd6 Re5 36. Rd7 Rb5 37. b4 a5 38. a4 Rb6 39. b5 1-0

[Event "CAN-ch U20 2004"]
[Site "Calgary CAN"]
[Date "2004.01.05"]
[Round "8.4"]
[White "Kazakevich, Anastasia"]
[Black "Davies, Lucas"]
[Result "1/2-1/2"]
[WhiteElo "1858"]
[BlackElo "2133"]
[PlyCount "76"]
[GameId "2160767911209088"]
[EventDate "2004.01.02"]
[EventType "swiss"]
[EventRounds "9"]
[EventCountry "CAN"]

1. d4 Nf6 2. c4 e6 3. Nc3 Bb4 4. Qc2 O-O 5. e3 d5 6. Nge2 c5 7. cxd5 cxd4 8. Nxd4 Nxd5 9. Bd2 Nc6 10. Nxc6 bxc6 11. Be2 Qa5 12. O-O Nxc3 13. Bxc3 Bxc3 14. Qxc3 Qxc3 15. bxc3 c5 16. Rab1 Bd7 17. Bf3 Rab8 18. Be4 e5 19. Rxb8 Rxb8 20. Rb1 Rxb1+ 21. Bxb1 Bb5 22. f4 f6 23. Kf2 h6 24. fxe5 fxe5 25. Be4 Bc4 26. a3 Kf7 27. Kf3 Ke6 28. Kf2 g5 29. g3 Kd6 30. Ke1 Ke6 31. Kf2 Bd5 32. Bd3 Kd6 33. Ke1 Kc6 34. Kd2 Kb6 35. Kc1 c4 36. Bc2 Kb5 37. Kd2 Kc5 38. Ke1 Kd6 1/2-1/2

[Event "CAN-ch U20 2004"]
[Site "Calgary CAN"]
[Date "2004.01.05"]
[Round "8.5"]
[White "Kaminski, Thomas"]
[Black "Lipnowski, Samuel"]
[Result "0-1"]
[WhiteElo "1784"]
[BlackElo "2154"]
[PlyCount "108"]
[GameId "2160767911209089"]
[EventDate "2004.01.02"]
[EventType "swiss"]
[EventRounds "9"]
[EventCountry "CAN"]

1. e4 c5 2. Nf3 e6 3. d4 cxd4 4. Nxd4 a6 5. Nc3 b5 6. g3 Bb7 7. Bg2 Qb6 8. Be3 Bc5 9. a3 Nc6 10. Nce2 Nxd4 11. Bxd4 Nf6 12. Bxc5 Qxc5 13. Qd3 O-O 14. O-O d5 15. Nc3 Rfd8 16. Rad1 Qc7 17. Qe3 dxe4 18. Nxe4 Nxe4 19. Bxe4 Bxe4 20. Qxe4 g6 21. c3 Rac8 22. Rfe1 Rd6 23. Rxd6 Qxd6 24. Re2 Rd8 25. Qc2 Qd5 26. Qe4 Qxe4 27. Rxe4 Rd2 28. Rb4 Kf8 29. Kg2 Ke7 30. a4 Rd5 31. Kf3 e5 32. axb5 Rxb5 33. Rxb5 axb5 34. Ke4 Ke6 35. g4 f5+ 36. gxf5+ gxf5+ 37. Kd3 Kd5 38. f3 Kc5 39. Ke3 Kc4 40. Kd2 Kb3 41. Kc1 e4 42. f4 e3 43. h4 h5 44. Kd1 Kxb2 45. Ke2 Kxc3 46. Kxe3 b4 47. Ke2 b3 48. Kd1 b2 49. Ke2 b1=Q 50. Kf2 Kd2 51. Kg2 Ke2 52. Kg3 Kf1 53. Kh3 Kg1 54. Kg3 Qb3# 0-1

[Event "CAN-ch U20 2004"]
[Site "Calgary CAN"]
[Date "2004.01.05"]
[Round "8.6"]
[White "Juma, Sadiq"]
[Black "Kazmaier, Daniel"]
[Result "0-1"]
[WhiteElo "1646"]
[BlackElo "1966"]
[PlyCount "59"]
[GameId "2160767911209090"]
[EventDate "2004.01.02"]
[EventType "swiss"]
[EventRounds "9"]
[EventCountry "CAN"]

1. e4 e6 2. d4 d5 3. Nc3 Nf6 4. Bg5 Bb4 5. e5 h6 6. Bd2 Bxc3 7. bxc3 Ne4 8. Nf3 c5 9. Bb5+ Nc6 10. Bxc6+ bxc6 11. O-O Ba6 12. Re1 O-O 13. a4 Rb8 14. Re3 f5 15. Ne1 Qe8 16. Nd3 g5 17. f3 Nxd2 18. Qxd2 f4 19. Ree1 Bxd3 20. cxd3 Qe7 21. Rec1 Rfc8 22. Rab1 h5 23. Qf2 cxd4 24. cxd4 Qa3 25. Qc2 c5 26. Rxb8 Rxb8 27. dxc5 Rb2 28. Qc3 Qa2 29. Qd4 Rxg2+ 30. Kf1 0-1

[Event "CAN-ch U20 2004"]
[Site "Calgary CAN"]
[Date "2004.01.05"]
[Round "8.7"]
[White "Palmer, Jordan"]
[Black "Davies, Noam"]
[Result "0-1"]
[WhiteElo "1906"]
[BlackElo "1948"]
[PlyCount "48"]
[GameId "2160767911209091"]
[EventDate "2004.01.02"]
[EventType "swiss"]
[EventRounds "9"]
[EventCountry "CAN"]

1. e4 c5 2. Nf3 e6 3. Nc3 a6 4. g3 b5 5. Bg2 Bb7 6. O-O b4 7. Ne2 Bxe4 8. d3 Bb7 9. Nf4 Nf6 10. b3 Be7 11. Bb2 O-O 12. h3 d5 13. Re1 Nc6 14. g4 Qc7 15. Qd2 Bd6 16. Nh5 Nxh5 17. gxh5 Bf4 18. Qe2 Rfe8 19. Nh4 Rad8 20. Qg4 e5 21. Bxd5 Rxd5 22. Qxf4 Qd8 23. Qg4 Nd4 24. Rac1 Qxh4 0-1

[Event "CAN-ch U20 2004"]
[Site "Calgary CAN"]
[Date "2004.01.05"]
[Round "8.8"]
[White "Daswani, Benedict"]
[Black "Hutchison, Jason"]
[Result "1-0"]
[WhiteElo "1687"]
[BlackElo "1368"]
[PlyCount "79"]
[GameId "2160767911209092"]
[EventDate "2004.01.02"]
[EventType "swiss"]
[EventRounds "9"]
[EventCountry "CAN"]

1. d4 Nf6 2. c4 g6 3. Nc3 d5 4. Bf4 Bg7 5. e3 c6 6. Qa4 O-O 7. Nf3 Bd7 8. cxd5 Nxd5 9. Bxb8 c5 10. Bb5 Nxc3 11. bxc3 Bxb5 12. Qxb5 Rxb8 13. Qxc5 Qc8 14. Qb4 Qc7 15. O-O Rfe8 16. c4 e5 17. Rac1 exd4 18. exd4 Re4 19. Rfd1 Rd8 20. d5 Rc8 21. d6 Qc6 22. Qb3 b5 23. Qxb5 Rxc4 24. Qxc6 R4xc6 25. Rxc6 Rxc6 26. d7 Bf6 27. d8=Q+ Bxd8 28. Rxd8+ Kg7 29. g3 Rc2 30. Rd2 Rc3 31. Kg2 h5 32. Rd7 Ra3 33. Ne5 Kf6 34. Nxf7 Rxa2 35. Nd8 a5 36. Ra7 a4 37. Ra6+ Kg7 38. Ne6+ Kf7 39. Nf4 g5 40. Nxh5 1-0